01469nam a2200229Ia 4500008004100000020001500041041001200056082001100068100001700079245004900096260004900145300000800194650001200202700001400214942000700228999001500235952019700250952019800447952019800645952019800843952019801041221030s9999 xx 000 0 und d a8122415288 aEnglish a105.23 aS. L. Kakani 0aMaterial Sciencecby S. L. Kakani, A. Kakani bNew Age International Pub.aNew Delhic2009 a640 aPhysics aA. Kakani cBK c8958d8958 pBE 10609g275.00i154l0o105.23 eDurga Books, Amritsarr2024-06-13 00:00:00w2022-10-30yBK003Print4071aMIETLIBbMIETLIBcBL-Academic Block B, FL-1, CUP-16, SH-2, R-2d2010-03-1110HBE pBE 10610g275.00i154l0o105.23 eDurga Books, Amritsarr2024-06-13 00:00:00w2022-10-30yBK003Print4070aMIETLIBbMIETLIBcBL-Academic Block C, FL-2, CUP-127, SH-3, R-3d2010-03-1110HBE pBE 10611g275.00i154l0o105.23 eDurga Books, Amritsarr2024-06-13 00:00:00w2022-10-30yBK003Print4070aMIETLIBbMIETLIBcBL-Academic Block C, FL-2, CUP-127, SH-3, R-3d2010-03-1110HBE pBE 10612g275.00i154l0o105.23 eDurga Books, Amritsarr2024-06-13 00:00:00w2022-10-30yBK003Print4070aMIETLIBbMIETLIBcBL-Academic Block C, FL-2, CUP-127, SH-3, R-3d2010-03-1110HBE pBE 10613g275.00i154l0o105.23 eDurga Books, Amritsarr2024-06-13 00:00:00w2022-10-30yBK003Print4070aMIETLIBbMIETLIBcBL-Academic Block C, FL-2, CUP-127, SH-3, R-3d2010-03-1110HBE